书目信息 |
| 题名: |
民事诉讼法学自学考试仿真试卷
|
|
| 作者: | 刘家兴 主编 | |
| 分册: | ||
| 出版信息: | 北京 中国政法大学出版社 1999.01 |
|
| 页数: | 83页 | |
| 开本: | 16开 | |
| 丛书名: | ||
| 单 册: | ||
| 中图分类: | D915.2-44 | |
| 科图分类: | ||
| 主题词: | 法学--部门 | |
| 电子资源: | ||
| ISBN: | 7-5620-1778-6 | |
| 000 | 00607nam0 2200193 45 | |
| 001 | 0010242089 | |
| 005 | 20001024203527.9 | |
| 010 | @a7-5620-1778-6@d8.80元 | |
| 100 | @a20001024d1999 km y0chiy0120 ea | |
| 101 | 0 | @achi |
| 105 | @a z 000yy | |
| 200 | 1 | @a民事诉讼法学自学考试仿真试卷@AMin Shi Su Song Fa Xue Zi Xue Kao Shi Fang Zhen Shi Juan@f刘家兴 主编@FLiu Jia Xing Zhu Bian |
| 210 | @a北京@c中国政法大学出版社@d1999.01 | |
| 215 | @a83页@d16开 | |
| 606 | 0 | @a法学@x部门 |
| 690 | @aD915.2-44@v3 | |
| 701 | 0 | @a刘家兴@4主编 |
| 801 | @aCN@bPftUser@c20001024 | |
| 905 | @b187605-609@dD915.2-44@eL889/5@f5 | |
| 民事诉讼法学自学考试仿真试卷/刘家兴 主编.-北京:中国政法大学出版社,1999.01 |
| 83页;16开 |
| ISBN 7-5620-1778-6:8.80元 |
| ● |
| 相关链接 |
|
|
|
正题名:民事诉讼法学自学考试仿真试卷
索取号:D915.2-44/L889/5
 
预约/预借
| 序号 | 登录号 | 条形码 | 馆藏地/架位号 | 状态 | 备注 |
| 1 | 187605 | 201876050 | 社科库509/509社科库 82排4列1层/ [索取号:D915.2-44/L889/5] | 在馆 | |
| 2 | 187606 | 201876069 | 社科库509/509社科库 82排4列1层/ [索取号:D915.2-44/L889/5] | 在馆 | |
| 3 | 187607 | 201876078 | 社科库509/ [索取号:D915.2-44/L889/5] | 在馆 | |
| 4 | 187608 | 201876087 | 社科库509/509社科库 82排4列1层/ [索取号:D915.2-44/L889/5] | 在馆 | |
| 5 | 187609 | 201876096 | 社科库509/509社科库 82排4列5层/ [索取号:D915.2-44/L889/5] | 在馆 |